Statistics for Richest Companies by Revenue

Click here to take the quiz!

General Stats

  • This quiz has been taken 35 times
  • The average score is 6 of 15

Answer Stats

HintAnswer% Correct
Retail(US) - $485.9bWalmart
89%
Oil and Gas(UK) - $272.1bShell Oil Company
77%
Electronics(US) - $233.7bApple
74%
Oil and Gas(UK) - $225.9bBP
74%
Automotive(JAP) - $236.5bToyota
74%
Automotive(GER) - $236.6bVolkswagen
63%
Electronics(SOK) - $177.4bSamsung
51%
Oil and Gas(US) - $246.2bExxon Mobil
43%
Conglomerate(US) - $210.8bBerkshire Hathaway
14%
Health Care(US) - $192.5bMcKesson
11%
Oil and Gas(CH) - $299.3bChina National Petroleum
9%
Electric Utility(CH) - $329.6bState Grid
6%
Financial Services(CH) - $167.2bICBC
3%
Oil and Gas(CH) - $294.3bSinopec Group
3%
Commodites(SWI) - $170.5bGlencore
0%

Score Distribution

Percentile by Number Answered

Percent of People with Each Score

Your Score History

You have not taken this quiz